000 00413cam a22001455a 4500
001 J100943
008 000000s1929 xxk 000 0 eng u
035 _a(Sirsi) u100943
110 _aAuctioneers' and Estate Agents' Institute of the United Kingdom
_93789
245 _aLibrary catalogue. Part 5, scholastic.
260 _c1929
651 4 _aUnited Kingdom
_y
690 _aBusiness and management
942 _n0
999 _c99939
_d99939